Microchemical element imaging of yeast and human cells using synchrotron X-ray microprobe with kirkpatrick-baez optics /
Wedi'i Gadw mewn:
| Awduron Eraill: | , , , , |
|---|---|
| Fformat: | Erthygl |
| Iaith: | English |
| Pynciau: | |
| Tagiau: |
Ychwanegu Tag
Dim Tagiau, Byddwch y cyntaf i dagio'r cofnod hwn!
|
| Thư viện lưu trữ: | Thư viện Trường Đại học Đà Lạt |
|---|
| LEADER | 01101nam a2200373 4500 | ||
|---|---|---|---|
| 001 | DLU090097687 | ||
| 005 | ##20091201 | ||
| 040 | # | # | |a DLU |b eng |
| 041 | # | # | |a eng |
| 044 | # | # | |a us |
| 245 | # | # | |a Microchemical element imaging of yeast and human cells using synchrotron X-ray microprobe with kirkpatrick-baez optics / |c Richard Ortega ... [et al.]. |
| 653 | # | # | |a Ascomycetes |
| 653 | # | # | |a Chemical analysis |
| 653 | # | # | |a Fungi |
| 653 | # | # | |a Microprobe |
| 653 | # | # | |a Saccharomyces cerevisiae |
| 653 | # | # | |a Thallophyta |
| 653 | # | # | |a X ray |
| 653 | # | # | |a Yeast |
| 700 | # | # | |a Bohic, Sylvain. |
| 700 | # | # | |a Devese, Guillaume. |
| 700 | # | # | |a Ortega, Richard. |
| 700 | # | # | |a Somogyi, Andrea. |
| 700 | # | # | |a Tucoulou, Remi. |
| 773 | # | # | |t Analytical Chemistry |g Vol. 76, no. 2 (January 2004), p. 309-314 |
| 920 | # | # | |a Phòng Tạp chí -- Trung tâm Thông tin - Thư viện Trường Đại học Đà Lạt |
| 994 | # | # | |a DLU |
| 900 | # | # | |a True |
| 911 | # | # | |a Trương Bảo Trâm Anh |
| 925 | # | # | |a G |
| 926 | # | # | |a A |
| 927 | # | # | |a BB |
| 980 | # | # | |a Thư viện Trường Đại học Đà Lạt |